<?xml version="1.0" encoding="UTF-8"?>
<record
    xmlns:xsi="http://www.w3.org/2001/XMLSchema-instance"
    xsi:schemaLocation="http://www.loc.gov/MARC21/slim http://www.loc.gov/standards/marcxml/schema/MARC21slim.xsd"
    xmlns="http://www.loc.gov/MARC21/slim">

  <leader>02792cam a2200349Ii 4500</leader>
  <controlfield tag="001">991106918895306196</controlfield>
  <controlfield tag="005">20260513171016.0</controlfield>
  <controlfield tag="006">m     o  d |      </controlfield>
  <controlfield tag="007">cr cnu||||||||</controlfield>
  <controlfield tag="008">180706s2018    enk     ob    001 0 eng d</controlfield>
  <datafield tag="020" ind1=" " ind2=" ">
    <subfield code="a">9780367350680</subfield>
  </datafield>
  <datafield tag="035" ind1=" " ind2=" ">
    <subfield code="a">(CKB)4100000000774898</subfield>
  </datafield>
  <datafield tag="035" ind1=" " ind2=" ">
    <subfield code="a">(MiAaPQ)EBC4921844</subfield>
  </datafield>
  <datafield tag="035" ind1=" " ind2=" ">
    <subfield code="a">(OCoLC)993949352</subfield>
  </datafield>
  <datafield tag="035" ind1=" " ind2=" ">
    <subfield code="a">(EXLCZ)994100000000774898</subfield>
  </datafield>
  <datafield tag="040" ind1=" " ind2=" ">
    <subfield code="a">FlBoTFG</subfield>
    <subfield code="c">FlBoTFG</subfield>
    <subfield code="e">rda</subfield>
  </datafield>
  <datafield tag="043" ind1=" " ind2=" ">
    <subfield code="a">a-ja---</subfield>
  </datafield>
  <datafield tag="245" ind1="0" ind2="0">
    <subfield code="a">Japanese management in evolution </subfield>
    <subfield code="b">: new directions, breaks and emerging practices </subfield>
    <subfield code="c">/ edited by Tsutomu Nakano.</subfield>
  </datafield>
  <datafield tag="250" ind1=" " ind2=" ">
    <subfield code="a">Firsts edition</subfield>
  </datafield>
  <datafield tag="264" ind1=" " ind2="1">
    <subfield code="a">Abingdon, Oxon ;</subfield>
    <subfield code="a">New York, NY :</subfield>
    <subfield code="b">Routledge,</subfield>
    <subfield code="c">2018.</subfield>
  </datafield>
  <datafield tag="300" ind1=" " ind2=" ">
    <subfield code="a">337 pages :</subfield>
    <subfield code="b">illustrations, tables.</subfield>
  </datafield>
  <datafield tag="490" ind1="1" ind2=" ">
    <subfield code="a">Routledge Frontiers of Business Management ;</subfield>
    <subfield code="v">12</subfield>
  </datafield>
  <datafield tag="504" ind1=" " ind2=" ">
    <subfield code="a">Includes bibliographical references at the end of each chapters and index.</subfield>
  </datafield>
  <datafield tag="520" ind1=" " ind2=" ">
    <subfield code="a">Make it inclusive: how responsible marketing works &#x2014; 
Make it authentic brand-relevant: social impact &#x2014; 
Make it known: eputation impact &#x2014; 
Make it count: commercial impact&#x2014; 
Solving real problems &#x2014;
Telling real stories &#x2014;
Creating real opportunities &#x2014;
Influencing real policies &#x2014;
Cultivating cultural literacy &#x2014;
Choosing cheerleader, champion, or catalyst &#x2014;
Earning stakeholder buy-in &#x2014;
Getting it wrong the right way &#x2014;
Marketing Index.</subfield>
  </datafield>
  <datafield tag="520" ind1=" " ind2=" ">
    <subfield code="a">Japanese Management in Evolution illustrates the significant changes that have been taking place in Japanese business by focusing on "emerging industries" in the relatively neglected service and "creative" sectors as well as other key industries, and to put those changes in historical perspective by providing an overview of business development since World War II. By employing state-of-the-art research techniques and unconventional innovative approaches in analysing Japanese management &#x2013; including network and discourse analysis, ethnographic explorations, and more &#x2013; the book reveals historical developments and in-depth analyses of established and emerging composition of sectors and industries where cultural capital matters. Throughout the book, the common theme conveyed to readers is a consistently strong message that the change is ongoing and the evolution of management style is real in the Japanese context.

The book would be of great interest to researchers, academics and practitioners in fields of global management, international management, and Asian capitalism.</subfield>
  </datafield>
  <datafield tag="588" ind1=" " ind2=" ">
    <subfield code="a">Description based on print version record.</subfield>
  </datafield>
  <datafield tag="630" ind1=" " ind2="0">
    <subfield code="a">MSc International Business</subfield>
    <subfield code="9">26977</subfield>
  </datafield>
  <datafield tag="650" ind1=" " ind2="0">
    <subfield code="a">Business Management</subfield>
    <subfield code="z">Japan</subfield>
    <subfield code="x">History.</subfield>
  </datafield>
  <datafield tag="700" ind1=" " ind2=" ">
    <subfield code="a">Nakano, Tsutomu,</subfield>
    <subfield code="e">editor.</subfield>
    <subfield code="9">24388</subfield>
  </datafield>
  <datafield tag="830" ind1=" " ind2="0">
    <subfield code="a">Routledge frontiers of business management ;</subfield>
    <subfield code="v">12.</subfield>
  </datafield>
  <datafield tag="942" ind1=" " ind2=" ">
    <subfield code="2">lcc</subfield>
  </datafield>
  <datafield tag="952" ind1=" " ind2=" ">
    <subfield code="0">0</subfield>
    <subfield code="1">0</subfield>
    <subfield code="2">lcc</subfield>
    <subfield code="4">0</subfield>
    <subfield code="7">0</subfield>
    <subfield code="a">TBS</subfield>
    <subfield code="b">TBS</subfield>
    <subfield code="d">2024-12-16</subfield>
    <subfield code="l">0</subfield>
    <subfield code="o">HD70.J3 NAK</subfield>
    <subfield code="p">B05988</subfield>
    <subfield code="r">2024-12-16</subfield>
    <subfield code="t">1</subfield>
    <subfield code="w">2024-12-16</subfield>
    <subfield code="y">1</subfield>
  </datafield>
  <datafield tag="999" ind1=" " ind2=" ">
    <subfield code="c">4435</subfield>
    <subfield code="d">4435</subfield>
  </datafield>
</record>
